Every Non-Force user to use a Lightsaber - Statistics

General Stats
  • This quiz has been taken 21 times
  • The average score is 2 of 5
Answer Stats
Character First Canon Appearance Answer % Correct
Four armed general Revenge of the Sith General Grievous
93%
Sister of Obi-Wan Kenobi's ex The Clone Wars Bo-Katan Kryze
60%
Mandalorian Leader The Clone Wars Pre Vizsla
33%
If General Grievous was a Mon Calamari Darth Vader (Comic) Karbin
7%
Leader of Task Force 99 Star Wars (Comic) Sergeant Kreel
7%
No matching quizzes found
Score Distribution
Percent of People with Each Score
Percentile by Number Answered
Your Score History
You have not taken this quiz